| 000 | 00577nam a2200181Ia 4500 | ||
|---|---|---|---|
| 003 | GCL | ||
| 008 | 140319s9999 xx 000 0 ara d | ||
| 040 |
_aGCL / _cGCL |
||
| 082 | 0 | 4 |
_a641.1 _bا ق |
| 100 | 1 | _aاحمد عاطف | |
| 245 | 1 | 0 |
_aالقيمة الغذائية للاطعمة الجداول المبسطة لتحليل الاغذية / _cاحمد عاطف |
| 700 | 1 | _aنجاة الشريف | |
| 260 |
_a[S.N] : _bالدار الدولية للنشر والتوزيع |
||
| 490 | _a | ||
| 650 | 0 | 4 | _aالتغذية |
| 650 | 0 | 4 | _aالاغذية |
| 942 |
_2ddc _cBK |
||
| 999 |
_c30268 _d30268 |
||